000
00333nam a22001457a 4500
008
210311b ||||| |||| 00| 0 eng d
020
_a
9780596008796
041
_a
eng
080
_a
004
082
_a
004
100
_a
28
101
_a
SHKI
245
_a
Excel Scientific and Engineering Cookbook
_c
Bourg, D. M
942
_2
udc
_c
BK
999
_c
56461
_d
56461